01212nam a2200301 i 4500001001000000003000900010005001700019007000300036008004100039022001800080040003000098041000800128082001900136100003400155245006600189264004600255300002800301336002700329337003300356338002800389590002600417910000700443942001400450952014700464952014700611952013500758999001700893000031862DO-SdBNP20251104103715.0ta251104s2015 dr a 000 0 spa d a9789945949858 aDO-SdBNPbspacBNPHUerda aspa axxxbM433m222 aMatos Manuel E.eautor98877910aMentalidad de cambio :brompiendo patrones /cManuel E. Matos aSanto Domingo :bFR Multiservicios,c2015 a128 páginas ;c22 cm. ardacontentbtexto2txt ardamediabsin mediación2n ardacarrierbvolumen2nc aInventariado, 2025/DG aDG 2ddccLBS1 00102ddc51708PDaBNPHUbBNPHUcHDd2015-02-19edonaciónl0oBNPHU PD M433mp2025-12484r2020-06-25w2020-06-25yLBS1ZPréstamo en sala 00102ddc51708PDaBNPHUbBNPHUcCTd2011-07-06edonaciónl0oBNPHU PD M433mp2025-12485r2020-06-25te.2w2020-06-25yLBS1ZNo se presta 00102ddc56708DSaBNPHUbBNPHUcHDd2015-01-30l0oBNPHU PD M433mp2025-12486r2020-06-25te. 3w2020-06-25yLBS1ZNo se presta c31354d31354